Statystyki dla Postacie historyczne #2

Kliknij tutaj aby rozwiązać quiz!

Ogólne statystyki

  • Ten quiz został rozwiązany 23 razy
  • Średni wynik to 9 z 20

Statystyki odpowiedzi

HintOdpowiedź% Poprawnych
Austriacki akwarelista, w późniejszym czasie politykAdolf Hitler
100%
Szwedzki chemik, inżynier, wynalazca dynamituAlfred Nobel
100%
Rzymski cesarz, za jego panowania powstał mur nazwany jego imieniemHadrian
70%
Portugalski żeglarz i odkrywca, jako pierwszy dotarł drogą morską do IndiiVasco da Gama
70%
Ostatni władca AztekówMontezuma II
55%
Dyktator powstania styczniowegoRomuald Traugutt
55%
Rosyjski powieściopisarz znany z "Braci Karamazow"Fiodor Dostojewski
50%
Fiński snajper znany jako "biała śmierć"Simo Häyhä
50%
Przywódca ruchu Wolnej Francji, bohater narodowy walczący z III RzesząCharles de Gaulle
45%
Niemiecki generał z okresu I wojny światowej, później został prezydentem Republiki WeimarskiejPaul von Hindenburg
40%
Pierwszy prezydent Republiki Turcji, doprowadził do sekularyzacji państwaMustafa Kemal Atatürk
35%
Komunistka, jedna z głównych organizatorek rewolucji listopadowejRóża Luksemburg
35%
Król Jerozolimy w XII wieku, jego przydomek wiązał się z chorobąBaldwin IV Trędowaty
30%
Dowódca wyprawy antarktycznej statku "Endurance"Ernest Shackleton
25%
Prezydent Serbskiej Republiki Bośni i Hercegowiny, odpowiedzialny za masakrę w SrebrenicyRadovan Karadžić
25%
Węgierska arystokratka zwana "Krwawą Hrabiną"Elżbieta Batory
20%
Rzymski generał, brat Klaudiusza, pokonał germańskie plemiona nad RenemGermanik
20%
Norweski kolaborant III RzeszyVidkun Quisling
20%
Premier Australii rządzący w czasach II wojny światowejJohn Curtin
10%
Pierwszy władca Litwy, doprowadził do jej zjednoczeniaMendog
10%

Rozkład punktacji

Percentyl według liczby udzielonych odpowiedzi

Procent ludzi z każdym wynikiem

Twoja historia wyników

Nie rozwiązałeś tego quizu